Schoolboy Runaway Items - Statistics

General Stats
  • This quiz has been taken 4 times
  • The average score is 13 of 24
Answer Stats
Answer % Correct
Hammer
100%
Screwdriver
100%
Wooden Boards
100%
Anti-Fat
67%
Batteries
67%
Car Keys
67%
Flashlight
67%
Laptop Charger
67%
Nails
67%
Sleeping Pills
67%
Washing Powder
67%
Barrette
33%
Broken Glass
33%
Bug Spray
33%
Dirty Rag
33%
Frozen Meat
33%
Hose
33%
Medicine Cabinet Key
33%
Mop
33%
Nail Puller
33%
Newspaper
33%
Pantry Key
33%
Rubix Cube
33%
Vase
33%
No matching quizzes found
Score Distribution
Percent of People with Each Score
Percentile by Number Answered
Your Score History
You have not taken this quiz